Design and fabrication of angle of attack indicator (Record no. 323942)

000 -LEADER
fixed length control field 00329 a2200133 4500
001 - CONTROL NUMBER
control field 88869
082 ## - DEWEY DECIMAL CLASSIFICATION NUMBER
Classification number PR 792
090 ## - LOCALLY ASSIGNED LC-TYPE CALL NUMBER (OCLC); LOCAL CALL NUMBER (RLIN)
-- 42010
-- 42010
100 ## - MAIN ENTRY--PERSONAL NAME
Personal name Raja Nouman
245 ## - TITLE STATEMENT
Title Design and fabrication of angle of attack indicator
260 ## - PUBLICATION, DISTRIBUTION, ETC.
Place of publication, distribution, etc. Karachi
Name of publisher, distributor, etc. NED
Date of publication, distribution, etc. 1981
300 ## - PHYSICAL DESCRIPTION
Extent 62p.
Accompanying material Insha Hamid
500 ## - GENERAL NOTE
General note BE Project Reports
942 ## - ADDED ENTRY ELEMENTS (KOHA)
Institution code [OBSOLETE] CAE NUST
Call number prefix PR 792
Holdings
Withdrawn status Lost status Damaged status Not for loan Collection code Permanent Location Current Location Date acquired Total Checkouts Full call number Barcode Date last seen Price effective from Koha item type
          College of Aeronautical Engineering (CAE) College of Aeronautical Engineering (CAE) 04/03/2017   PR 792 CAEPR-792 04/05/2017 04/05/2017 Book
© 2023 Central Library, National University of Sciences and Technology. All Rights Reserved.